[Event "St. Pauli Open 2013"]
[Site "Hamburg GER"]
[Date "2013.07.10"]
[Round "6.11"]
[White "Plump,D"]
[Black "Krause,Benedict"]
[Result "0-1"]
[WhiteElo "2230"]
[BlackElo "2128"]

1.e4 c5 2.Nf3 e6 3.d4 cxd4 4.Nxd4 Nc6 5.Nc3 Qc7 6.g3 a6 7.Bg2 d6 8.O-O Bd7
9.a4 Nf6 10.Nb3 Be7 11.a5 Ne5 12.h3 Rc8 13.f4 Nc4 14.g4 h6 15.Qe2 Nh7 16.Qf2 Bf6
17.h4 Nxb2 18.e5 Qxc3 19.exf6 Bb5 20.fxg7 Qxg7 21.Re1 Nc4 22.g5 hxg5 23.hxg5 Bc6
24.Rb1 O-O 25.Nd4 Rfe8 26.Rb4 Bxg2 27.Kxg2 Qg6 28.f5 Qh5 29.Qg3 Ne5 30.Bf4 exf5
31.Rxb7 Ng6 32.Rh1 Nxf4+ 33.Qxf4 Qxg5+ 34.Qxg5+ Nxg5 35.Rh5 Ne6 36.Nxf5 Nf4+  0-1

[Event "EY Girls Teams 2013"]
[Site "Maribor SLO"]
[Date "2013.07.10"]
[Round "5"]
[White "Foster,Chantelle L"]
[Black "Trippold,Denise"]
[Result "0-1"]
[WhiteElo "1866"]
[BlackElo "1794"]

1.e4 c5 2.Nf3 e6 3.d4 cxd4 4.Nxd4 Nc6 5.Nc3 Qc7 6.Be3 a6 7.Qd2 Nf6 8.O-O-O Bb4
9.f3 Ne5 10.Nb3 b5 11.Qe1 Rb8 12.Bd4 Nc6 13.e5 Nxd4 14.Rxd4 Bxc3 15.bxc3 Nd5
16.c4 bxc4 17.Rxc4 Qb6 18.Ra4 Bb7 19.Bd3 O-O 20.Qh4 g6 21.Re1 Kg7 22.Rg4 Rfc8
23.Be4 Qb4 24.Bxd5 Qa3+ 25.Kb1 Bxd5 26.Ra4 Qc5 27.Re2 Qb5 28.Rd2 Bc4 29.Rxc4 Rxc4
30.Qe1 a5 31.Ka1 a4 32.Re2 axb3  0-1

[Event "FSIM July 2013"]
[Site "Budapest HUN"]
[Date "2013.07.11"]
[Round "6.6"]
[White "To,N"]
[Black "Szabolcsi,J"]
[Result "1/2-1/2"]
[WhiteElo "2292"]
[BlackElo "2350"]

1.e4 c5 2.Nf3 Nc6 3.d4 cxd4 4.Nxd4 e6 5.Nc3 Qc7 6.Be2 a6 7.O-O Nf6 8.Be3 Bb4
9.Na4 O-O 10.c4 Bd6 11.g3 Nxe4 12.c5 Be7 13.Bf3 f5 14.Bf4 e5 15.Nxf5 Nxc5
16.Nxe7+ Nxe7 17.Bg5 d6 18.Rc1 a5 19.Nxc5 dxc5 20.Be3 Bh3 21.Re1 b6 22.Bxa8 Rxa8
23.Qh5 Be6 24.Bf4 Ng6 25.Bxe5 Qc6 26.a3 Rf8 27.Bc3 Bd5 28.f4 c4 29.Re3 Qc5
30.Re1 Ne7 31.Kf1 Bg2+ 32.Kxg2 Qxh5 33.Rxe7 Rf7 34.Re8+ Rf8 35.R8e7 Qd5+
36.Kg1 Qc5+ 37.Kf1 Rd8 38.Rxg7+ Kf8 39.Rxh7 Rd3 40.Rh8+ Kf7 41.Rh7+ Kg8 42.Rh8+ Kf7
43.Rh7+  1/2-1/2

[Event "23rd Heart of FIN"]
[Site "Jyvaskyla FIN"]
[Date "2013.07.11"]
[Round "6.19"]
[White "Paakkonen,T"]
[Black "Eloranta,K"]
[Result "1/2-1/2"]
[WhiteElo "2310"]
[BlackElo "2070"]

1.e4 c5 2.Nc3 Nc6 3.Nge2 e6 4.d4 cxd4 5.Nxd4 Nf6 6.Nxc6 bxc6 7.Bd3 e5 8.Qe2 Rb8
9.O-O Be7 10.Kh1 O-O 11.b3 Qc7 12.f4 d6 13.Bd2 exf4 14.Bxf4 Ng4 15.Nd1 Bf6
16.Rc1 Be5 17.Bxe5 Nxe5 18.Ne3 Be6 19.Bc4 Bxc4 20.Nxc4 Nxc4 21.Qxc4 Rbe8
22.Rf4 Kh8 23.Rcf1 f6 24.g4 Re5 25.h4 Qd7 26.Kh2 d5 27.exd5 Rxd5 28.R1f2 Rd2
29.Kg2 Rxf2+ 30.Rxf2 Re8 31.Re2 Rxe2+ 32.Qxe2 g6  1/2-1/2

[Event "43rd Nat Jun ch-IND U19"]
[Site "Lucknow IND"]
[Date "2013.07.11"]
[Round "3.8"]
[White "Yogesh,Ga"]
[Black "Prince,Ba"]
[Result "1/2-1/2"]
[WhiteElo "2082"]
[BlackElo "2232"]

1.e4 c5 2.Nf3 e6 3.d4 cxd4 4.Nxd4 Nc6 5.Nc3 Qc7 6.f4 a6 7.Nxc6 Qxc6 8.e5 b5
9.Be2 Bb7 10.Bf3 Qc7 11.O-O Bc5+ 12.Kh1 Ne7 13.Bxb7 Qxb7 14.Qf3 Qxf3 15.Rxf3 O-O
16.a3 Rac8 17.Ne4 Nf5  1/2-1/2

[Event "EY Boys Teams 2013"]
[Site "Maribor SLO"]
[Date "2013.07.11"]
[Round "6"]
[White "Duda,J"]
[Black "Amstadt,A"]
[Result "1-0"]
[WhiteElo "2536"]
[BlackElo "2346"]

1.e4 c5 2.Nf3 e6 3.d4 cxd4 4.Nxd4 Nc6 5.Nc3 Qc7 6.Be2 a6 7.O-O Nf6 8.Be3 Bb4
9.Nxc6 bxc6 10.f4 d5 11.e5 Nd7 12.Na4 Be7 13.c4 O-O 14.Rc1 Qa5 15.a3 Bb7
16.b4 Qd8 17.Qb3 Kh8 18.Kh1 f6 19.exf6 Bxf6 20.Nc5 d4 21.Nxb7 Qc7 22.Na5 dxe3
23.Qxe3 c5 24.Nb3 Rac8 25.Rcd1 Rfe8 26.Qh3 Rb8 27.Bd3 h6 28.Qh5 Rec8 29.Nxc5 Nxc5
30.bxc5 Qxc5 31.Qg6 Kg8 32.Qh7+ Kf8 33.f5 e5 34.Be4 Ke7 35.Bd5 Qxa3 36.Be6 Rc7
37.Qg6 Kf8 38.Rd5 Qa4 39.Rfd1 Qe8 40.Qg4 Qa4 41.R5d2 a5 42.h4 Qc6 43.Rd6 Qc5
44.Qg6 Rb1 45.Rxb1 Qxd6 46.Rb8+ Bd8 47.f6 Qd1+ 48.Kh2  1-0

[Event "FIDE GP Beijing"]
[Site "Beijing CHN"]
[Date "2013.07.12"]
[Round "8.3"]
[White "Giri,A"]
[Black "Grischuk,A"]
[Result "1/2-1/2"]
[WhiteElo "2734"]
[BlackElo "2780"]

1.Nf3 c5 2.e4 e6 3.d4 cxd4 4.Nxd4 Nc6 5.Nc3 Qc7 6.Be2 Nf6 7.Be3 a6 8.O-O Be7
9.f4 d6 10.Kh1 O-O 11.Qe1 Nxd4 12.Bxd4 b5 13.Qg3 Bb7 14.a3 Rad8 15.Rae1 Rd7
16.Bd3 Re8 17.Rf2 Qd8 18.Ref1 Bf8 19.Rf3 g6 20.f5 exf5 21.Rxf5 Nxe4 22.Qf4 Qe7
23.Bxe4 Bxe4 24.Nxe4 Qxe4 25.Rxf7 Qxf4 26.R7xf4 Bg7 27.Bxg7 Kxg7 28.g3 d5
29.Kg2 d4 30.Rd1 Re2+ 31.Rf2 Rxf2+ 32.Kxf2 Rc7 33.Rd2 Kf6 34.Re2 Rd7 35.Kf3 d3
36.Rd2 dxc2 37.Rxc2 Rd3+ 38.Kf4 Rb3 39.Rc6+ Kg7 40.Rxa6 Rxb2 41.Ra7+ Kh6
42.h4 b4 43.g4 g5+ 44.hxg5+ Kg6 45.Ra6+ Kg7 46.Ra7+ Kg6 47.Ra6+ Kg7 48.axb4 Rxb4+
49.Kg3 Rb1 50.Kf4 Rb4+ 51.Kg3 Rb1 52.Rc6 Rg1+ 53.Kf3 Rf1+ 54.Kg2 Ra1 55.Kg3 Rg1+
56.Kf3 Rf1+ 57.Kg2 Ra1 58.Kg3  1/2-1/2

[Event "FSFMB July 2013"]
[Site "Budapest HUN"]
[Date "2013.07.12"]
[Round "7.3"]
[White "Engegard,Odon Toth"]
[Black "Bakos,Viktor"]
[Result "1-0"]
[WhiteElo "1809"]
[BlackElo "1550"]

1.e4 c5 2.Nf3 e6 3.d4 cxd4 4.Nxd4 Nc6 5.Nc3 a6 6.Nxc6 bxc6 7.Bd3 d5 8.O-O Nf6
9.Qe2 Be7 10.b3 O-O 11.Bb2 Qc7 12.Na4 Bb7 13.Rad1 Rfe8 14.e5 Nd7 15.f4 f6
16.Qh5 f5 17.g4 g6 18.Qh3 Bf8 19.Rd2 Bg7 20.Rg2 Nf8 21.Ba3 Rad8 22.Bd6 Rxd6
23.exd6 Qxd6 24.Qe3 Rc8 25.Nc5 Rc7 26.Nxb7 Rxb7 27.Kh1 d4 28.Qe2 a5 29.Bc4 Kh8
30.a4 Re7 31.Qe1 Qb4 32.Qxb4 axb4 33.Re1 fxg4 34.Rxg4 h5 35.Rg5 Bh6 36.Rc5 Bxf4
37.Rxc6 e5 38.Rf6 Bh6 39.Ref1 Re8 40.Rb6 Bd2 41.Rf7 e4 42.Rd6 Be3 43.Bd5 Bh6
44.Bc6 Rc8 45.Bxe4 Re8 46.Rxd4 Ne6 47.Rdd7 Ng5 48.Rfe7 Rxe7 49.Rxe7 Bf8 50.Re8 Nxe4
51.Rxf8+ Kg7 52.Rb8  1-0

[Event "Corporation Cup 2013"]
[Site "Izhevsk RUS"]
[Date "2013.07.12"]
[Round "1.2"]
[White "Amonatov,F"]
[Black "Bronnikova,E"]
[Result "1/2-1/2"]
[WhiteElo "2637"]
[BlackElo "2245"]

1.e4 c5 2.Nf3 e6 3.Nc3 Nc6 4.d4 cxd4 5.Nxd4 Qc7 6.Be3 a6 7.Qd2 Nf6 8.O-O-O b5
9.Nxc6 dxc6 10.Bf4 Qb6 11.f3 Be7 12.Be3 Qc7 13.g4 e5 14.Qf2 Be6 15.Bb6 Qb7
16.Bc5 O-O 17.Kb1 Rab8 18.Be2 Qc7 19.h4 Bxc5 20.Qxc5 Nd7 21.Qd6 Qxd6 22.Rxd6 Rfc8
23.Nd5 Kf8 24.Nb4 Rb6 25.Rhd1 Ke7 26.c4 a5 27.Nc2 b4 28.Ne3 g6 29.Nf5+ gxf5
30.exf5 c5 31.Rxb6 Bxf5+ 32.gxf5 Nxb6 33.f4 Nd7 34.f6+ Nxf6 35.fxe5 Nd7 36.Bg4 Rc7
37.Re1 Nf8 38.Kc2 Ne6 39.Kb3 a4+ 40.Kxa4 Nd4 41.Ka5 Rc6 42.h5 f5 43.exf6+ Kxf6
44.Bd1 Ne6 45.Rf1+ Ke7 46.Bf3 Rd6 47.Kb5 Rd2 48.Bd5 Nc7+ 49.Kxc5 Nxd5 50.cxd5 Rxb2
51.d6+ Ke8 52.Re1+ Kd8 53.Re7 Rxa2 54.Rxh7 b3 55.Rb7 Rc2+ 56.Kd5 Rd2+ 57.Ke6 Re2+
58.Kf5 Rh2 59.Kg6 Rg2+ 60.Kf7 Rh2 61.Kg6 Rg2+ 62.Kf6 Rh2 63.Kg6 Rg2+ 64.Kh7 b2
65.h6 Kc8 66.Rb3 Kd7 67.Rb6 Ke6 68.Kh8 Kd7 69.h7 Ke6 70.d7+ Ke5  1/2-1/2

[Event "ch-SWE 2013"]
[Site "Orebro SWE"]
[Date "2013.07.12"]
[Round "7.5"]
[White "Hector,J"]
[Black "Lindberg,Be"]
[Result "1-0"]
[WhiteElo "2509"]
[BlackElo "2410"]

1.e4 c5 2.Nf3 e6 3.d4 cxd4 4.Nxd4 Nc6 5.Nc3 Qc7 6.Be3 a6 7.f4 b5 8.Bd3 Bb7
9.Nb3 Nf6 10.e5 b4 11.Nb5 axb5 12.exf6 gxf6 13.O-O Ne7 14.Bxb5 Rg8 15.Rf2 Nd5
16.Qd4 Bd6 17.Rd1 e5 18.fxe5 Bxe5 19.Qh4 O-O-O 20.Rxd5 Bxd5 21.Ba6+ Bb7 22.Nc5 Bxa6
23.Nxa6 Qb7 24.Nxb4 d5 25.Nd3 d4 26.Bf4 Rde8 27.Qxh7 Rg6 28.Qh3+ Kb8 29.Qf5 Ka8
30.g3 Rgg8 31.Qh5 Kb8 32.Qf5 Qd5 33.Rf3 Re7 34.Nb4 Qc4 35.Rb3 Ka7 36.Qe4 Re6
37.Ra3+ Kb6 38.Ra6+ Qxa6 39.Nxa6 Kxa6 40.Qd3+ Kb6 41.Qb3+ Kc5 42.Bd2 Rb8
43.Qa4 Reb6 44.b4+ Kd6 45.Qb3 Ke7 46.a4 Rd8 47.b5 d3 48.Bb4+ Ke8 49.cxd3 Bd4+
50.Kf1 Re6 51.Qc4 Be5 52.a5 Rd4 53.Qc8+ Rd8 54.Qc5 Bd6 55.Qc6+ Ke7 56.Qc4 Bxb4
57.Qxb4+ Kd7 58.a6  1-0

[Event "ch-BEL Open 2013"]
[Site "Antwerp BEL"]
[Date "2013.07.13"]
[Round "8.5"]
[White "Haberkorn,D"]
[Black "Penson,T"]
[Result "0-1"]
[WhiteElo "2126"]
[BlackElo "2211"]

1.e4 c5 2.Nf3 Nc6 3.d4 cxd4 4.Nxd4 e6 5.Nc3 Qc7 6.g3 a6 7.Bg2 h5 8.h3 Nf6
9.O-O h4 10.g4 b5 11.Nxc6 dxc6 12.e5 Nd5 13.Bd2 Qxe5 14.Re1 Qd6 15.Qf3 Be7
16.Ne4 Qd8 17.c4 bxc4 18.Qe2 O-O 19.Qxc4 Bd7 20.Rac1 Qb6 21.b3 a5 22.Red1 Rfd8
23.g5 Qb5 24.Qd4 Be8 25.Bf1 Qb6 26.Qc4 Qb5 27.Qd4 Qb6 28.Qc4 Qb8 29.Qe2 Nf4
30.Qf3 Ng6 31.Be3 Qe5 32.Bc4 c5 33.Bf1 Bc6 34.Nf6+ gxf6 35.Qxc6 Rdc8 36.Qf3 fxg5
37.Rd7 Qg7 38.Qe4 Qf8 39.Rcd1 Rd8 40.Bc4 Rxd7 41.Rxd7 Qe8 42.Rb7 Kg7 43.Bd2 Qd8
44.Be3 Qd1+ 45.Kg2 Rd8 46.Rxe7 Nxe7 47.Bxg5 Ng6 48.Bxd8 Qxd8 49.Qe3 Qd6 50.Bd3 Qxd3  0-1

[Event "Styrian Open A 2013"]
[Site "Bad Gleichenberg AUT"]
[Date "2013.07.13"]
[Round "8.26"]
[White "Novkovic,J"]
[Black "Uksini,Bardhyl"]
[Result "1-0"]
[WhiteElo "2102"]
[BlackElo "1969"]

1.e4 c5 2.Nf3 e6 3.Nc3 Nc6 4.d4 cxd4 5.Nxd4 Qc7 6.g3 a6 7.Bg2 Nf6 8.O-O Be7
9.Nce2 O-O 10.c4 Rd8 11.Nc3 Nxd4 12.Qxd4 d6 13.b3 e5 14.Qd3 Be6 15.Bg5 h6
16.Bxf6 Bxf6 17.Rac1 Qa5 18.Rc2 Rac8 19.Nd5 Bxd5 20.cxd5 Rc5 21.Bh3 Bg5 22.Rb1 Rxc2
23.Qxc2 Qc5 24.Qd3 b5 25.Kg2 Qa3 26.Qe2 b4 27.Rb2 a5 28.Rc2 a4 29.Rc7 axb3
30.Qf3 Bf6 31.axb3 Qa5 32.Rc6 Qb5 33.Bc8 Kh8 34.h4 Kg8 35.Qd1 Qa5 36.Qc2 Qa8
37.Qc4 Qb8 38.Ba6 h5 39.Bc8 g6 40.Qa6 Be7 41.Rc4 Kg7 42.Qc6 Rf8 43.Qb7 Qxb7
44.Bxb7 f5 45.Rxb4 f4 46.Bc6 Kh6 47.Rb7 Rf7 48.b4 g5 49.hxg5+ Kxg5 50.b5 f3+
51.Kh3 h4 52.b6 hxg3 53.Kxg3 Kh5 54.Be8  1-0

[Event "113th ch-SUI 2013"]
[Site "Graechen SUI"]
[Date "2013.07.13"]
[Round "3.19"]
[White "Schafer,Ezio"]
[Black "Simon,Ra"]
[Result "0-1"]
[WhiteElo "2008"]
[BlackElo "2155"]

1.e4 c5 2.Nf3 e6 3.d4 cxd4 4.Nxd4 Nc6 5.Nc3 Qc7 6.Be2 Nf6 7.O-O a6 8.Be3 Bb4
9.Na4 Be7 10.Nxc6 bxc6 11.Nb6 Rb8 12.Nxc8 Qxc8 13.Bd4 c5 14.Be5 Rb6 15.Qd3 d6
16.Bc3 O-O 17.e5 Nd5 18.exd6 Bxd6 19.b3 Qb8 20.g3 Nxc3 21.Qxc3 Be5 22.Qxc5 Rc8
23.Qa5 Bc3 24.Qh5 Bxa1 25.Rxa1 Rxc2 26.Bd3 g6 27.Qh6 Rc8 28.h4 Qe5  0-1

[Event "MTS GM 2013"]
[Site "Izmir TUR"]
[Date "2013.07.13"]
[Round "2.3"]
[White "Yurtseven,M"]
[Black "Bagaturov,G"]
[Result "1-0"]
[WhiteElo "2225"]
[BlackElo "2453"]

1.e4 c5 2.Nc3 e6 3.Nf3 Nc6 4.d4 cxd4 5.Nxd4 d6 6.Bc4 Nf6 7.Be3 a6 8.Qe2 Qc7
9.O-O-O Na5 10.Bd3 b5 11.f4 Bb7 12.Ndxb5 axb5 13.Nxb5 Qd8 14.e5 dxe5 15.Na7 Nd7
16.Bb5 Bd5 17.Rxd5 exd5 18.Rd1 Bb4 19.Rxd5 O-O 20.a3 exf4 21.Rxd7 Qg5 22.axb4 Nb3+
23.cxb3 fxe3 24.Bc4 Rad8 25.Rxd8 Rxd8 26.Nc6 Rd2 27.Qf3 Rf2 28.h4 Qxh4 29.Qh3 Rf1+
30.Bxf1 Qe1+ 31.Kc2 Qf2+ 32.Kc3 f5 33.Ne7+  1-0

[Event "7th LCT 2013"]
[Site "Leiden NED"]
[Date "2013.07.13"]
[Round "2.32"]
[White "De Bruijne,Arian"]
[Black "Van der Meer,K"]
[Result "1/2-1/2"]
[WhiteElo "1941"]
[BlackElo "2039"]

1.e4 c5 2.Nc3 Nc6 3.Nge2 e6 4.d4 cxd4 5.Nxd4 Qc7 6.Be3 a6 7.Qd2 b5 8.O-O-O Bb7
9.f3 Nf6 10.g4 h6 11.Bf4 Qb6 12.Nb3 d6 13.Kb1 Rd8 14.Be3 Qc7 15.Qf2 Nd7  1/2-1/2

[Event "43rd Nat Jun ch-IND U19"]
[Site "Lucknow IND"]
[Date "2013.07.13"]
[Round "5.1"]
[White "Aravindh,Chithambaram VR."]
[Black "Prasanna,Ra"]
[Result "1-0"]
[WhiteElo "2306"]
[BlackElo "2396"]

1.e4 c5 2.Nf3 e6 3.d4 cxd4 4.Nxd4 Nc6 5.Nc3 Qc7 6.Be3 a6 7.Be2 Nf6 8.O-O Be7
9.f4 d6 10.a4 O-O 11.Nb3 b6 12.Bf3 Bb7 13.Qe2 Nd7 14.Rfd1 Rfe8 15.Rd2 Nc5
16.Nd4 Nxd4 17.Bxd4 e5 18.Be3 exf4 19.Bxf4 Ne6 20.Bg3 Qc5+ 21.Bf2 Qb4 22.Ra3 Qa5
23.Qd1 Qe5 24.Nd5 Bxd5 25.exd5 Ng5 26.Bd4 Qf5 27.Bg4 Qg6 28.Bd7 Ne4 29.Bxe8 Rxe8
30.Re2 Bd8 31.Rg3 Bg5 32.h4 f6 33.Qe1 Bxh4 34.Rxg6 Bxe1 35.Rg4  1-0

[Event "Minsk Open 2013"]
[Site "Minsk BLR"]
[Date "2013.07.13"]
[Round "1.13"]
[White "Kalinouski,Siarhei"]
[Black "Tunik,G"]
[Result "0-1"]
[WhiteElo "1847"]
[BlackElo "2435"]

1.e4 c5 2.Nf3 e6 3.d4 cxd4 4.Nxd4 Nc6 5.Nc3 a6 6.Bc4 Qc7 7.Nxc6 dxc6 8.O-O b5
9.Be2 Nf6 10.Bf3 e5 11.Be3 Be7 12.Qe2 O-O 13.Rfd1 h6 14.g3 Be6 15.b3 Bb4
16.Bd2 Qe7 17.Nb1 Bxd2 18.Nxd2 Qc5 19.Nf1 a5 20.Ne3 Rfd8 21.Bg2 Rd4 22.Rxd4 exd4
23.Nf1 a4 24.Re1 axb3 25.cxb3 Qc3 26.Rd1 Bg4 27.f3 Be6 28.Qd2 Qxd2 29.Rxd2 c5
30.g4 Rd8 31.Ng3 c4 32.Ne2 d3 33.Nf4 Nd7 34.Bf1 Ne5 35.Kf2 c3 36.Rxd3 Nxd3+
37.Nxd3 c2  0-1

[Event "28th Gniot Mem 2013"]
[Site "Police POL"]
[Date "2013.07.13"]
[Round "4.7"]
[White "Yagupov,I"]
[Black "Maniocha,A"]
[Result "1-0"]
[WhiteElo "2389"]
[BlackElo "2118"]

1.e4 c5 2.Nf3 Nc6 3.d4 cxd4 4.Nxd4 e6 5.Nc3 a6 6.Nxc6 bxc6 7.Bd3 e5 8.O-O Nf6
9.f4 d6 10.Qf3 Be7 11.fxe5 dxe5 12.Qg3 Ng4 13.h3 Qb6+ 14.Kh1 h5 15.Bc4 Bf6
16.b3 a5 17.Na4 Qd4 18.c3 Qa7 19.Ba3 Qe3 20.Rf3 Qd2 21.Nb6 Rb8 22.Nxc8 Rxc8
23.Bc5 Rd8 24.Rf5 Nh6 25.Rxe5+ Kd7 26.Rd5+  1-0

[Event "28th Gniot Mem 2013"]
[Site "Police POL"]
[Date "2013.07.13"]
[Round "4.15"]
[White "Maruszczak,J"]
[Black "Szadkowski,Ka"]
[Result "0-1"]
[WhiteElo "1824"]
[BlackElo "2184"]

1.e4 c5 2.Nf3 e6 3.d4 cxd4 4.Nxd4 Nc6 5.Nc3 Qc7 6.g3 a6 7.Bg2 b5 8.O-O Bb7
9.Re1 Be7 10.a3 d6 11.f4 Nf6 12.Be3 Na5 13.e5 dxe5 14.fxe5 Nd7 15.Bxb7 Qxb7
16.Qg4 g6 17.Bh6 O-O-O 18.Qf4 Nc6 19.Nf3 Bc5+ 20.Kg2 Nd4 21.Ne4 Nxf3 22.Qxf3 Nxe5
23.Qc3 Nc4 24.Kh3 Bd4 25.Qb4 Qd5 26.Bf4 h6 27.Rad1 g5 28.Bc1 g4+ 29.Kg2 Qc6
30.Kf1 f5 31.Nf2 Rd7 32.Bf4 Bxf2 33.Rxd7 Bxe1 34.Kxe1 Kxd7  0-1

[Event "3rd SPAChess Open"]
[Site "Amsterdam NED"]
[Date "2013.07.14"]
[Round "9.17"]
[White "Vos,T"]
[Black "Van der Poel,H"]
[Result "0-1"]
[WhiteElo "2034"]
[BlackElo "2266"]

1.e4 c5 2.Nf3 e6 3.d4 cxd4 4.Nxd4 Nc6 5.Nc3 Qc7 6.Be3 a6 7.Be2 Nf6 8.O-O Bb4
9.Na4 Be7 10.Nxc6 bxc6 11.Nb6 Rb8 12.Nxc8 Qxc8 13.Bd4 Qc7 14.e5 Nd5 15.Bxa6 c5
16.c4 Nb4 17.Bb5 cxd4 18.a3 Nc6 19.Bxc6 dxc6 20.Qxd4 O-O 21.Rad1 Rfd8 22.Qc3 c5
23.b3 Rd4 24.Rxd4 cxd4 25.Qxd4 Rxb3 26.Rd1 Rxa3  0-1

[Event "XV Sant Marti Open A"]
[Site "Barcelona ESP"]
[Date "2013.07.14"]
[Round "2.25"]
[White "Blandon,L"]
[Black "Perpinya Rofes,L"]
[Result "0-1"]
[WhiteElo "1995"]
[BlackElo "2400"]

1.e4 c5 2.Nf3 Nc6 3.d4 cxd4 4.Nxd4 e6 5.Nc3 d6 6.Be3 Nf6 7.f3 Be7 8.Qd2 O-O
9.O-O-O a6 10.g4 Nd7 11.Qf2 Nxd4 12.Bxd4 b5 13.Kb1 Qa5 14.f4 b4 15.Ne2 e5
16.Be3 Bb7 17.Ng3 Nf6 18.Bb6 Qa4 19.Bd3 Qc6 20.g5 Ng4 21.Qf3 Qxb6 22.Qxg4 exf4
23.Qxf4 g6 24.h4 Qc5 25.Rhe1 f6 26.Qg4 Bc8 27.Qe2 Be6 28.h5 Qe5 29.hxg6 hxg6
30.Nf5 gxf5 31.Qh5 fxg5 32.exf5 Bf7 33.Bc4 Qh8 34.Qg6+ Qg7 35.Qxg7+ Kxg7
36.Rxe7 d5 37.Bd3 Kf6 38.Rb7 Rab8 39.Rc7 Rb6 40.Rh1 Ke5 41.Kc1 g4 42.Rh4 Kf4
43.Be2 Kxf5 44.Rxg4 Ke5 45.Kd2 Be6 46.Rgg7 Kd6 47.Ra7 Rf2 48.Ke3 Rh2 49.Rgb7 Rxb7
50.Rxb7 d4+ 51.Kxd4 Rxe2 52.Rxb4 Kc6 53.c4 Rc2 54.Ra4 Kb6 55.Rb4+ Ka7 56.Kc5 a5
57.Rb5 Bxc4 58.Rxa5+ Kb7 59.Kd4 Kb6 60.Ra4 Kb5 61.Ra8 Rd2+ 62.Kc3 Rd3+ 63.Kc2 Rh3
64.Rb8+ Kc5 65.b3 Bd5 66.Kb2 Rh2+ 67.Ka3 Rd2 68.Rc8+ Kd4 69.Rc7 Ke3 70.Rd7 Kd4
71.Rc7 Be6 72.Re7 Bg4 73.Rf7 Ke5 74.Re7+ Kd6 75.Re1 Bf3 76.Kb4 Be2 77.a4 Kd5
78.Rg1 Rd4+ 79.Kc3 Rd3+ 80.Kb4 Bd1 81.Rg5+ Kd4 82.Kb5 Rxb3+ 83.Kc6 Bf3+ 84.Kd6 Rb6+
85.Kc7 Ra6 86.a5 Bd5 87.Rg1 Kc5 88.Rc1+ Bc4 89.Kb7 Rxa5 90.Rc2 Ra3 91.Rc1 Rh3
92.Kc7 Rh7+ 93.Kc8  0-1

[Event "FSIM July 2013"]
[Site "Budapest HUN"]
[Date "2013.07.14"]
[Round "9.2"]
[White "Szalanczy,E"]
[Black "Szabolcsi,J"]
[Result "1/2-1/2"]
[WhiteElo "2297"]
[BlackElo "2350"]

1.e4 c5 2.Nf3 e6 3.d4 cxd4 4.Nxd4 Nc6 5.Nc3 Qc7 6.Be3 a6 7.Qd2 Nf6 8.f3 Bb4
9.O-O-O Ne7 10.Nde2 d5 11.e5 Nd7 12.f4 Nc5 13.a3 Ne4 14.Qd3 Nxc3 15.Nxc3 Bxc3
16.Qxc3 Qxc3 17.bxc3 b5 18.Bd3 Bb7 19.Bd4 Kd7 20.Kd2 g6 21.Ra1 Bc6 22.Rhb1 h5
23.g3 Rhb8 24.Rb4 Rb7 25.Rab1 Rab8 26.Bc5 Nc8 27.Rd4 Nb6 28.Rbb4 Nc4+ 29.Bxc4 bxc4
30.Bd6 Ra8 31.Ke3 a5 32.Rxb7+ Bxb7 33.Rd1 Kc6 34.Kd4 f5 35.Rb1 Ra6 36.Bc5 Kc7
37.Rb5 Kc6 38.a4 Kc7 39.Bd6+ Kc8 40.h4 Bc6 41.Rb8+ Kd7 42.Rg8 Bxa4 43.Rxg6 Bxc2
44.Rg7+ Kc6 45.Re7 a4 46.Rxe6 Kb5 47.Re8 a3 48.Bxa3 Rxa3 49.e6 Kc6 50.Rd8 Ra7
51.Ke5 Ba4 52.Kf6 Kc7 53.e7 Ra6+ 54.Ke5 Rg6 55.e8=Q Bxe8 56.Rxe8 Rxg3 57.Kxd5 Rxc3
58.Rf8 Rh3 59.Kxc4 Rxh4 60.Kd4 Rxf4+ 61.Ke5 Ra4 62.Kxf5 Kd6 63.Rh8 h4 64.Kg5 Ke6
65.Rxh4 Rxh4 66.Kxh4  1/2-1/2

[Event "113th ch-SUI 2013"]
[Site "Graechen SUI"]
[Date "2013.07.15"]
[Round "5.17"]
[White "Zahn,Alina"]
[Black "Kaenel,H"]
[Result "1/2-1/2"]
[WhiteElo "1962"]
[BlackElo "2319"]

1.e4 c5 2.Nf3 e6 3.d4 cxd4 4.Nxd4 Nc6 5.Nc3 Qc7 6.f4 Nxd4 7.Qxd4 a6 8.Be3 b5
9.O-O-O Bb7 10.Kb1 Rc8 11.Bd3 Nf6 12.e5 Nd5 13.Ne4 Nxe3 14.Qxe3 Bxe4 15.Bxe4 Rd8
16.Qf3 g6 17.h4 h5 18.Rd3 d5 19.exd6 Rxd6 20.Rc3 Qb6 21.Rd1 Rxd1+ 22.Qxd1 Bc5
23.b4 Bd4 24.Rc6 Qa7 25.c3 Bf6 26.Qd6 Qd7 27.Rc8+ Qxc8 28.Bc6+ Qxc6 29.Qxc6+ Kf8
30.Qxa6 Kg7 31.Qxb5 Bxc3 32.Qc4 Bf6 33.g3 Rd8 34.a4 e5 35.fxe5 Bxe5 36.b5 f6
37.Qb3 Rc8 38.Qe6 Rc3 39.g4 hxg4 40.Qxg4 f5 41.Qb4 Kf6 42.b6 Rc8 43.a5 f4
44.a6 f3 45.b7 Rc6 46.b8=Q Bxb8 47.Qxb8 Rxa6 48.Qf8+ Ke5 49.Qc5+ Kf6 50.Qd4+ Ke7
51.Qe4+ Re6 52.Qxf3 Rf6 53.Qb7+ Kf8 54.Kc2 Kg8 55.Kd3 Rf5 56.Ke4 Kh8 57.Qe7 Kg8
58.Qe8+ Kg7 59.Qe7+ Kg8 60.Qe8+ Kg7 61.Qd7+ Kg8 62.Qd8+ Kg7 63.Qc7+ Kg8 64.Qd8+ Kg7
65.Qe7+  1/2-1/2

[Event "113th ch-SUI 2013"]
[Site "Graechen SUI"]
[Date "2013.07.15"]
[Round "5.7"]
[White "Gallagher,Jo"]
[Black "Simon,Ra"]
[Result "0-1"]
[WhiteElo "2508"]
[BlackElo "2155"]

1.e4 c5 2.Nf3 e6 3.d4 cxd4 4.Nxd4 Nc6 5.Nc3 Qc7 6.f4 a6 7.Nxc6 Qxc6 8.Bd3 b5
9.Qe2 Bb7 10.Bd2 Rc8 11.a3 Bc5 12.O-O-O Ne7 13.Rhf1 O-O 14.g4 f6 15.f5 Bd4
16.Rfe1 Qc7 17.Qf3 Nc6 18.Ne2 Ne5 19.Qh3 Nxd3+ 20.Qxd3 Be5 21.Bc3 Rfd8 22.Bxe5 Qxe5
23.Nc3 Rc6 24.Kb1 Qxh2 25.e5 fxe5 26.Rh1 Rxc3 27.Rxh2 Rxd3 28.Rxd3 exf5 29.gxf5 Be4
30.Rd6 Bxf5 31.Rxa6 e4 32.Rb6 e3 33.Re2 Re8 34.Rxb5 Bg4 35.Re1 h5 36.a4 e2
37.a5 Kf7 38.Kc1 Re6 39.Rb6 Re5 40.Rd6 Rxa5 41.Kd2 Rb5 42.Rb1 g5 43.b4 Rb7
44.b5 Bf3 45.b6 h4 46.Ke3 g4 47.Kf2 h3 48.Kg3 Rb8 49.Rxd7+ Ke6 50.Rh7 Kd5
51.b7 Kc4 52.Kf2 Kc3 53.Rc7+ Kd2 54.Rc8 Rxb7 55.Rd8+ Kxc2 56.Rxb7 Bxb7 57.Re8 h2
58.Rxe2+ Kd3 59.Re3+ Kd4  0-1

[Event "17th Battle of Senta"]
[Site "Senta SRB"]
[Date "2013.07.15"]
[Round "4.12"]
[White "Farkas,Ti"]
[Black "Miladinovic,L"]
[Result "1-0"]
[WhiteElo "2250"]
[BlackElo "2083"]

1.e4 c5 2.Nf3 e6 3.Nc3 Nc6 4.d4 cxd4 5.Nxd4 Qc7 6.g3 a6 7.Bg2 d6 8.O-O Nf6
9.Re1 Nd7 10.Bg5 Nde5 11.Nxc6 bxc6 12.b3 h6 13.Be3 Be7 14.Na4 Rb8 15.f4 Nd7
16.Qd2 O-O 17.c4 c5 18.Rad1 Rd8 19.Bf2 Bb7 20.Re3 Bc6 21.Nc3 Nf6 22.Qe2 Bf8
23.Red3 Nd7 24.g4 g5 25.Bg3 Bg7 26.fxg5 Bd4+ 27.Bf2 hxg5 28.Bxd4 cxd4 29.Rxd4 Ne5
30.Qd2 Qe7 31.Rxd6 Rdc8 32.h3 Ng6 33.Ne2 Nh4 34.Bh1 Qf6 35.Rf1 Qe7 36.Ng3 Rd8
37.Rd1 Qa7+ 38.Qf2 Qe7 39.Qd4 Rdc8 40.Nh5 Ng6 41.Qg7+  1-0

[Event "XV Sant Marti Open A"]
[Site "Barcelona ESP"]
[Date "2013.07.16"]
[Round "4.14"]
[White "Satyapragyan,S"]
[Black "Minko,V"]
[Result "1-0"]
[WhiteElo "2464"]
[BlackElo "2312"]

1.e4 c5 2.Nc3 Nc6 3.Nge2 e6 4.d4 cxd4 5.Nxd4 Qc7 6.Be2 a6 7.O-O Nf6 8.Kh1 Bb4
9.Bg5 b5 10.Nxc6 Qxc6 11.e5 Bxc3 12.Bxf6 Bb7 13.Bf3 Qc7 14.bxc3 gxf6 15.exf6 d5
16.Qd4 Rc8 17.Qg4 Kd7 18.a4 Rhg8 19.Qb4 Qc5 20.axb5 axb5 21.Be2 d4 22.Ra7 Qxa7
23.Qe7+ Kc6 24.Rb1 Qa2 25.Bf3+  1-0

[Event "7th LCT 2013"]
[Site "Leiden NED"]
[Date "2013.07.16"]
[Round "5.8"]
[White "Pijpers,A"]
[Black "Hasangatin,R"]
[Result "1/2-1/2"]
[WhiteElo "2338"]
[BlackElo "2489"]

1.e4 c5 2.Nc3 e6 3.Nf3 Nc6 4.d4 cxd4 5.Nxd4 Qc7 6.g3 a6 7.Bg2 Nf6 8.O-O Bc5
9.Nxc6 dxc6 10.e5 Qxe5 11.Bf4 Qd4 12.Qe2 Be7 13.Rfd1 Qa7 14.Bd6 Bxd6 15.Rxd6 O-O
16.Rad1 Nd5 17.Ne4 b5 18.Rxc6 Bb7 19.Rd6 Qb8 20.Qh5 h6 21.Qe5 Qc8 22.Nc3 Nf6
23.Bxb7 Qxb7 24.R6d4 Rac8 25.a3 Qb6 26.Qd6 Rc6 27.Qe7 Rc7 28.Qd6 Qb7 29.Qe5 Re8
30.R1d2 Rec8 31.h4 Rc5 32.Qe3 Qc7 33.Qd3 Qe5 34.Re2 Qf5 35.Qxf5 Rxf5 36.Red2 Rc6
37.Rd8+ Kh7 38.R8d6 Rxd6 39.Rxd6 Ng4 40.Ne4 Re5 41.f3 Ne3 42.Rxa6 Nxc2 43.Rc6 Nd4
44.Rc5 Nxf3+ 45.Kf2 Rxc5 46.Nxc5 Ne5 47.b3 Nc6 48.Ke3 Kg6 49.Nb7 Kf5 50.Nd6+ Kg4
51.Kf2 Nd4 52.a4 Nxb3 53.axb5 f5 54.b6 Nc5 55.b7 Na6 56.Ne8 g5 57.hxg5 hxg5
58.Nc7 Nb8 59.Nxe6 f4 60.gxf4 gxf4 61.Nxf4  1/2-1/2

[Event "Czech Open G1 Rapid 2013"]
[Site "Pardubice CZE"]
[Date "2013.07.17"]
[Round "1.38"]
[White "Travkina,A"]
[Black "Kulicov,O"]
[Result "1/2-1/2"]
[WhiteElo "2216"]
[BlackElo "2453"]

1.e4 c5 2.Nf3 e6 3.d4 cxd4 4.Nxd4 Nc6 5.Nc3 Qc7 6.Be2 a6 7.O-O Nf6 8.Be3 Bb4
9.Na4 O-O 10.Bf3 Ne5 11.a3 Bd6 12.h3 b5 13.Nc3 Bb7 14.Kh1 Nxf3 15.Qxf3 b4
16.axb4 Bxb4 17.Bg5 Qe5 18.Bxf6 gxf6 19.Qg4+ Kh8 20.Nf3 Qc7 21.Qh4 Be7 22.Qh5 Qc5
23.e5 Bxf3 24.Qxf3 fxe5 25.Rfe1 f5 26.Na4 Qc7 27.Re3 e4 28.Qe2 d5 29.Rc3 Qa5
30.Qd1 Bf6 31.Rc6 Rae8 32.Nc5 Qb5 33.Raxa6 Rc8 34.Rab6 Qxc6 35.Rxc6 Rxc6
36.Nd7 Rf7 37.Nxf6 Rxf6 38.Qd4 Kg7 39.c3 Kg6 40.b4 Rc4 41.Qe5 d4 42.cxd4 Rxb4
43.Qg3+ Kf7 44.Qc7+ Kg6 45.Qg3+ Kh6 46.Qh4+ Kg7 47.Qg3+ Rg6 48.Qe5+ Kh6 49.Qf4+ Kg7
50.Qc7+ Kh6 51.Qf4+ Kg7 52.Qc7+ Kh6  1/2-1/2